000 00213nam a2200097Ia 4500
008 220204s9999 xx 000 0 und d
082 _a82-3
_bKNI
245 0 _aTomorrow and tomorrow
700 _aDamon
942 _cBK
999 _c24334
_d24334